Statistics for Indiana Pacers NBA All-Stars

Click here to take the quiz!

General Stats

  • This quiz has been taken 149 times
    (75 since last reset)
  • The average score is 8 of 14

Answer Stats

Players Selections Last % Correct
Brad Miller12003
92%
Reggie Miller52000
92%
Paul George42017
88%
Victor Oladipo22019
88%
Domantas Sabonis12020
72%
Rik Smits11998
66%
Jermaine O'Neal52007
65%
Roy Hibbert22014
58%
Ron Artest12004
57%
Danny Granger12009
55%
Dale Davis12000
35%
Detlef Schrempf11993
22%
Billy Knight11977
17%
Don Buse11977
9%

Score Distribution

Percentile by Number Answered

Percent of People with Each Score

Your Score History

You have not taken this quiz since the last reset